BIBLIOTECA

SENCICO

Nuevos apartamentos pequeños = nuovi piccoli appartamenti = novos apartamentos pequeños / (Registro nro. 4099)

Detalles MARC
000 -LEADER
fixed length control field 00792nam a22002537a 4500
003 - CONTROL NUMBER IDENTIFIER
control field PE SENCICO BE
005 - DATE AND TIME OF LATEST TRANSACTION
control field 20251020182635.0
008 - FIXED-LENGTH DATA ELEMENTS--GENERAL INFORMATION
fixed length control field 230413b |||||||| |||| 00| 0 eng d
020 ## - INTERNATIONAL STANDARD BOOK NUMBER
International Standard Book Number 978-8365-0831-5
040 ## - CATALOGING SOURCE
Original cataloging agency PE SENCICO BE
Transcribing agency PE SENCICO BE
041 ## - LANGUAGE CODE
Language code of text/sound track or separate title spa
-- ita
082 ## - DEWEY DECIMAL CLASSIFICATION NUMBER
Classification number 728.314
Item number E9
110 1# - MAIN ENTRY--CORPORATE NAME
9 (RLIN) 905
Corporate name or jurisdiction name as entry element Evergreen
245 1# - TITLE STATEMENT
Title Nuevos apartamentos pequeños = nuovi piccoli appartamenti = novos apartamentos pequeños /
Statement of responsibility, etc. Evergreen
250 ## - EDITION STATEMENT
Edition statement [1a ed.]
260 ## - PUBLICATION, DISTRIBUTION, ETC.
Place of publication, distribution, etc. Koln :
Name of publisher, distributor, etc. Evergreen,
Date of publication, distribution, etc. 2008
300 ## - PHYSICAL DESCRIPTION
Extent 201 p. :
Other physical details il. col., lams.,
Dimensions 21 cm.
650 14 - SUBJECT ADDED ENTRY--TOPICAL TERM
9 (RLIN) 198
Topical term or geographic name entry element Apartamentos
650 24 - SUBJECT ADDED ENTRY--TOPICAL TERM
9 (RLIN) 44
Topical term or geographic name entry element Diseño de interiores
650 24 - SUBJECT ADDED ENTRY--TOPICAL TERM
9 (RLIN) 199
Topical term or geographic name entry element Distribución de espacios (viviendas)
650 24 - SUBJECT ADDED ENTRY--TOPICAL TERM
9 (RLIN) 906
Topical term or geographic name entry element Habitaciones juveniles
910 ## - USER-OPTION DATA (OCLC)
-- hfp
-- hfp
942 ## - ADDED ENTRY ELEMENTS (KOHA)
Source of classification or shelving scheme Dewey Decimal Classification
Koha item type Libros
Existencias
Fecha de la última vez que lo usaron Número de ingreso o de inventario Pago total Signatura topográfica completa Precio efectivo desde Tipo de documento Estado perdido Sistema de clasificación Estado dañado No es para préstamo Retirado Ubicación permanente Ubicación actual Fecha de adquisición
13/04/2023 15881   728.314/E9 13/04/2023 Libros   Dewey Decimal Classification       Biblioteca Central Lima Biblioteca Central Lima 13/04/2023